| 000 | 00464nam a2200157 a 4500 | ||
|---|---|---|---|
| 005 | 20140412111309.0 | ||
| 008 | 030416s19uu xx 00 eng d | ||
| 020 | _a777-01-9125-4 | ||
| 050 |
_aTR(PS E _bSh22 1993 |
||
| 245 |
_aShapes / _cConcept and designed by Ibarra Crisostomo. |
||
| 260 |
_aPasig, Philippines : _bAnvil Publishing, Inc, _c1993. |
||
| 300 | _a1 v. (unp.) ; ill. | ||
| 440 | _aEarly Learning Book | ||
| 650 | _aShapes, basic | ||
| 999 |
_c103881 _d103881 |
||